000
00339nam a2200145Ia 4500
008
230718s9999 xx 000 0 und d
041
_a
Eng.
082
_a
340
_b
JAC-P
100
_a
Jaced, Malik. M (ed)
245
0
_a
PLD (1978)
260
_a
Pakistan
_b
All Pakistan legal desisin
_c
1978
300
_a
1462
650
_a
Law
999
_c
26974
_d
26974